| 000 | 01826cam a22005774i 4500 | ||
|---|---|---|---|
| 003 | PE-LiUPU | ||
| 005 | 20250731170414.0 | ||
| 008 | 150617s r 000 0 d | ||
| 035 | _a(Sirsi) a18317 | ||
| 040 |
_aPE-LiUPU _bspa _cPE-LiUPU _erda |
||
| 049 | _aPRUA | ||
| 082 | 0 | 4 |
_a133.3 _bC678a _223 |
| 100 | 1 |
_aCohen, John, _eautor. |
|
| 245 | 1 | 0 |
_aAzar, habilidad y suerte : _bla psicología de la adivinación y el juego / _cJohn Cohen. |
| 264 | 1 |
_aBuenos Aires : _bCompañía General Fabril Editoria, _c1964. |
|
| 300 |
_a223 páginas ; _c17 centímetros. |
||
| 336 |
_atext _2rdacontent |
||
| 337 |
_aunmediated _2rdamedia |
||
| 338 |
_avolume _2rdacarrier |
||
| 490 | 0 | _a(Los libros del Mirasol) | |
| 500 | _aEn cubierta "Azar habilidad y suerte, fundamentos en el cálculo de la probabilidad". | ||
| 504 | _aIncluye bibliografía. | ||
| 505 | 0 | _aProbabilidad psicológica. -Adivinación, ordalías y juego. -Combinando incertidumbres de habilidad y azar. -Azar contra habilidad. -Las cualidades de la suerte. -Suerte y realizaciones. -Alcohol: riesgo y labur. -Sobre ser precisamente inexacto. -Probabilidad, esperanza y el futuro subjetivo. -Mirara retrospectiva. | |
| 526 | _aSEG68 | ||
| 526 | _aSEG70 | ||
| 526 | _aSEG69 | ||
| 526 | _aSEG67 | ||
| 526 | _aSEG43 | ||
| 526 | _aP144 | ||
| 526 | _aP143 | ||
| 526 | _aP131 | ||
| 526 | _aP122 | ||
| 526 | _aP120 | ||
| 526 | _aP117 | ||
| 526 | _aP112 | ||
| 526 | _aP110 | ||
| 526 | _aP106 | ||
| 526 | _aP101 | ||
| 526 | _aP80 | ||
| 526 | _aP59 | ||
| 526 | _aP54 | ||
| 526 | _aP35 | ||
| 526 | _aP33 | ||
| 526 | _aP30 | ||
| 650 | 1 | 4 |
_aAdivinación _xPsicología. |
| 650 | 2 | 4 | _aJuegos de azar. |
| 910 | _ajck | ||
| 942 |
_2ddc _cBK _n0 |
||
| 980 |
_81 _gALBERTO SANCHEZ Responsable de Automatización |
||
| 999 |
_c17995 _d17995 |
||